000 00481nam a2200157 4500
001 108843
003 ES-MaACL
005 20230906184724.0
007 t|
008 061121s1962 fr r ||||1| fre d
100 1 _aMontpeyroux-Brousse, André de.
_982724
245 1 0 _aPour la France fault-il suivre Salan? /
_cpar de Montpeyroux-Brousse...
260 _aBruxelles :
_bA. Minet,
_c[1962]
300 _a157 p. :
_b` Retr.aut.` ;
_c20 cm.
852 _aES-MaACL
_jC-23914
_bR.50878
999 _c108843
_d108843